| 000 -CABECERA |
| fixed length control field |
01276nam a22002897a 4500 |
| 003 - IDENTIFICADOR DEL NÚMERO DE CONTROL |
| control field |
AR-CdUCM |
| 008 - DATOS DE LONGITUD FIJA--INFORMACIÓN GENERAL |
| fixed length control field |
190405b ||||| |||| 00| 0 spa d |
| 040 ## - FUENTE DE LA CATALOGACIÓN |
| Agencia/entidad que catalogó originalmente la obra |
MUNICIPALIDAD PROVINCIAL DEL CUSCO |
| Entidad que transcribió la catalogación |
BIBLIOTECA MUNICIPAL DEL CUSCO |
| 082 ## - NÚMERO DE LA CLASIFICACIÓN DECIMAL DEWEY |
| No. de Clasificación |
394.5/H83 |
| Notacion interna |
H83 |
| No. de la edición |
1a ed. |
| 100 ## - ENTRADA PRINCIPAL--NOMBRE DE PERSONA |
| Nombre Personal |
Huamaní Rodríguez, Gary Indrid |
| 245 ## - MENCIÓN DE TÍTULO |
| Título |
Mamacha del Carmen de Paucartambo : |
| Resto del título |
celebrando nuestra fe, viviendo nuestra tradición / |
| Mención de responsabilidad |
[textos, Gary Ingrid Huamaní Rodríguez ; entrevistas, Jorge Acurio Palma, Daniel Alfredo Castro Ocampo, Alexis Castro Ocampo ; fotografía, Daniel Alfredo Castro Ocampo]. |
| 260 ## - PUBLICACIÓN, DISTRIBUCIÓN, ETC. |
| Lugar de publicación, distribución, etc. |
Cusco : |
| Nombre de la editorial, distribuidor, etc. |
Caja Municipal de Ahorros y Crédito Cusco, |
| Fecha de publicación, distribución, etc. |
2014. |
| 300 ## - DESCRIPCIÓN FÍSICA |
| Nº de Páginas Extensión |
149, [5] páginas. : |
| Otros detalles físicos |
il. (principalmente col.) ; |
| Dimensiones |
25 x 31 cm. |
| 500 ## - NOTA GENERAL |
| Bibliografía |
Bibliografía: p. [153] |
| 650 ## - PUNTO DE ACCESO ADICIONAL DE MATERIA--TÉRMINO DE MATERIA |
| Descriptor |
Festividades religiosas |
| 9 (RLIN) |
13420 |
| 650 ## - PUNTO DE ACCESO ADICIONAL DE MATERIA--TÉRMINO DE MATERIA |
| Descriptor |
Folclore |
| 9 (RLIN) |
3233 |
| 650 ## - PUNTO DE ACCESO ADICIONAL DE MATERIA--TÉRMINO DE MATERIA |
| Descriptor |
Vida y costumbres sociales |
| 9 (RLIN) |
857 |
| 650 ## - PUNTO DE ACCESO ADICIONAL DE MATERIA--TÉRMINO DE MATERIA |
| Descriptor |
Libros de láminas |
| 9 (RLIN) |
45739 |
| 650 ## - PUNTO DE ACCESO ADICIONAL DE MATERIA--TÉRMINO DE MATERIA |
| Descriptor |
Costumbres |
| 9 (RLIN) |
230 |
| 650 ## - PUNTO DE ACCESO ADICIONAL DE MATERIA--TÉRMINO DE MATERIA |
| Descriptor |
Festividades |
| 9 (RLIN) |
29667 |
| 650 ## - PUNTO DE ACCESO ADICIONAL DE MATERIA--TÉRMINO DE MATERIA |
| Descriptor |
Paucartambo |
| 9 (RLIN) |
6539 |
| 700 ## - PUNTO DE ACCESO ADICIONAL--NOMBRE DE PERSONA |
| Nombre Personal |
Acurio Palma, Jorge |
| 9 (RLIN) |
45740 |
| 700 ## - PUNTO DE ACCESO ADICIONAL--NOMBRE DE PERSONA |
| Nombre Personal |
Castro Ocampo, Daniel Alfredo (fotógrafo) |
| 9 (RLIN) |
45741 |
| 710 ## - PUNTO DE ACCESO ADICIONAL--NOMBRE DE ENTIDAD CORPORATIVA |
| Nombre corporativo (En letras Mayúsculas) |
Caja Municipal de Ahorro y Crédito Cusco |
| 9 (RLIN) |
45737 |
| 942 ## - ELEMENTOS DE PUNTO DE ACCESO ADICIONAL (KOHA) |
| Fuente de clasificación |
|
| Tipo de item |
Libros-BMC |
| 945 ## - PROCESAMIENTO DE INFORMACIÓN LOCAL (OCLC) |
| Catalogador |
r.a.c |